Strzelcy bramek w 3 kolejce Bundesligi w sezonie 2020/21 - Statystyki

Ogólne statystyki
  • Ten quiz został rozwiązany 11 razy
  • Średni wynik to 7 z 29
Statystyki odpowiedzi
Hint Odpowiedź % Poprawnych
Bayern - Hertha 1:0 Lewandowski
91%
Bayern - Hertha 2:0 Lewandowski
91%
Bayern - Hertha 3:2 Lewandowski
91%
Bayern - Hertha 4:3 Lewandowski
91%
Dortmund - Freiburg 1:0 Haaland
64%
Dortmund - Freiburg 3:0 Haaland
64%
Bayern - Hertha 2:2 Cunha
45%
Dortmund - Freiburg 2:0 Can
27%
Frankfurt - Hoffenheim 0:1 Kramaric
27%
Union Berlin - Mainz 1:0 Kruse
27%
RB Lipsk - Schalke 2:0 Angelino
18%
Bayern - Hertha 2:1 Cordoba
18%
Koln - Monchengladbach 0:1 Plea
18%
Frankfurt - Hoffenheim 2:1 Dost
9%
RB Lipsk - Schalke 4:0 Halstenberg
9%
RB Lipsk - Schalke 3:0 Orban
9%
Werder Brema - Bielefeld 1:0 Bittencourt
0%
RB Lipsk - Schalke 1:0 (bramka samobójcza) Bozdogan
0%
Union Berlin - Mainz 3:0 Friedrich
0%
Union Berlin - Mainz 2:0 Ingvartsen
0%
Stuttgart - Leverkusen 1:1 Kalajdzic
0%
Frankfurt - Hoffenheim 1:1 Kamada
0%
Koln - Monchengladbach 0:2 Lainer
0%
Bayern - Hertha 3:3 Ngankam
0%
Dortmund - Freiburg 4:0 Passlack
0%
Union Berlin - Mainz 4:0 Pohjanpalo
0%
Koln - Monchengladbach 1:3 Rexhbecaj
0%
Stuttgart - Leverkusen 0:1 Schick
0%
Koln - Monchengladbach 0:3 Stindl
0%
Nie znaleziono quizów pasujących do podanych kryteriów
Rozkład punktacji
Procent ludzi z każdym wynikiem
Percentyl według liczby udzielonych odpowiedzi
Twoja historia wyników
Nie rozwiązałeś tego quizu